Self-organization of pinwheels in the visual cortex by stochastic Hebb dynamics: Equivalence to Kosterlitz-Thouless model

Bibliographic Details
Main Author: Carmesin, Hans-Otto (Author)
Format: Article
Language:Slovak
English
PhysicalDescription:Res. angl., lit. 20 zázn. v angl.
Subjects:

MARC

LEADER 00000nab a2200000 a 4500
001 vtls000577678
003 SK-MaSNL
005 20260304235241.0
008 250425c1995 xo 0 slo
015 |a SNBRB19rr/mm-uuuuu 
035 |a CL0577816 
035 |a urn:nbn:sk:snk-abewz 
035 |a (urnnbn)urn:nbn:sk:snk:ar-a047oy 
035 |a (uuid)65e0a045-a96f-47cf-a56e-af8c09b9ec83 
040 |a SNKBUCL  |b slo  |c SNKBUCL  |e AACR2 
041 0 |a eng 
044 |a xo  |c SK 
080 |a 531.3:531.395  |2 1981 
080 |a 531.395  |2 1981 
100 1 |a Carmesin, Hans-Otto  |4 aut  |9 1381165 
245 1 0 |a Self-organization of pinwheels in the visual cortex by stochastic Hebb dynamics: Equivalence to Kosterlitz-Thouless model  |c Hans-Otto Carmesin 
300 |b Res. angl., lit. 20 zázn. v angl. 
650 0 7 |a Hebbova stochastika  |2 snkbucl  |9 1572525 
650 0 7 |a neuróny  |2 snkbucl  |9 2550 
650 0 7 |a model Kosterlitzov-Thoulessov  |2 snkbucl  |9 1572526 
650 0 7 |a fázové premeny  |2 snkbucl  |9 40684 
655 7 |a články z novín a časopisov  |2 snkbucl  |9 267496 
773 0 |t Acta physica slovaca  |g Roč. 45, č. 2 (1995), s. 93-102 
850 |a Slovenská národná knižnica 
852 |a Slovenská národná knižnica 
958 |a article27 
958 |a RK 
958 |a NB 
958 |a OND 
958 |a EUIPO 
992 |a RBX 
999 |c 3208166  |d 3210096